| 000 | 01422nam0a2200361 4500 | ||
|---|---|---|---|
| 001 | RU\NLR\BIBL_A\022452854 | ||
| 005 | 20250421161543.0 | ||
| 010 |
_a978-5-04-143672-8 _93000 |
||
| 021 |
_aRU _bКН-П-24-080677 _9КН-П-24-8051 |
||
| 035 | _a(NLR Aleph) 022452854 | ||
| 090 |
_a13358940 _c13358940 |
||
| 100 | _a20250211d2025 d y0rusy50 ca | ||
| 101 | 1 | _arus | |
| 102 | _aRU | ||
| 105 | _aa z 000zy | ||
| 181 | 0 |
_ab3 _bxb2e |
|
| 181 | 0 |
_ai2 _baxxe |
|
| 182 | 0 | _an | |
| 200 | 1 |
_aМиссия: спасти призрачного художника _e[для среднего школьного возраста] _fТомас Гуссунг _g[перевод с немецкого Г. А. Яшиной] |
|
| 203 |
_aИзображение _aТекст _bвизуальные _cнепосредственные |
||
| 210 |
_aМосква _cЭксмо, #эксмодетство _d2025 (изгот. 2024) |
||
| 215 |
_a159 с. _cил., цв. ил. _d22 |
||
| 225 | 1 | _aСерия "Загадочные книги Томаса Гуссунга" | |
| 320 | _aДр. кн. авт.: с. 2 | ||
| 333 | _a6+ | ||
| 686 | 0 | _aШ9(4Г)62-4 | |
| 700 | 1 |
_7ca _8rus _aГуссунг _bТ. _f1990- _gТомас _92650388 _3RU\NLR\AUTH\770278421 |
|
| 942 | _cBOOK | ||
| 980 | _aNB | ||